Faunal Diversity of Biogeographic Zones of India: (Record no. 201235)
[ view plain ]
| 000 -LEADER | |
|---|---|
| fixed length control field | 00933nam a22002897a 4500 |
| 003 - CONTROL NUMBER IDENTIFIER | |
| control field | dpl |
| 005 - DATE AND TIME OF LATEST TRANSACTION | |
| control field | 20240529120635.0 |
| 008 - FIXED-LENGTH DATA ELEMENTS--GENERAL INFORMATION | |
| fixed length control field | 240305b |||||||| |||| 00| 0 eng d |
| 010 ## - LIBRARY OF CONGRESS CONTROL NUMBER | |
| LC control number | ENG-139541 ENG-140533-34 |
| 020 ## - INTERNATIONAL STANDARD BOOK NUMBER | |
| International Standard Book Number | 9788181715753 |
| Terms of availability | 1541.00 |
| 035 ## - SYSTEM CONTROL NUMBER | |
| System control number | EN-123073 |
| 035 ## - SYSTEM CONTROL NUMBER | |
| System control number | EN-124065 |
| 035 ## - SYSTEM CONTROL NUMBER | |
| System control number | EN-124066 |
| 037 ## - SOURCE OF ACQUISITION | |
| Source of stock number/acquisition | DBAD |
| 040 ## - CATALOGING SOURCE | |
| Transcribing agency | . |
| 082 ## - DEWEY DECIMAL CLASSIFICATION NUMBER | |
| Classification number | 577.68095492 |
| 100 ## - MAIN ENTRY--PERSONAL NAME | |
| Personal name | Chandra, Kailash |
| 9 (RLIN) | 62808 |
| 245 ## - TITLE STATEMENT | |
| Title | Faunal Diversity of Biogeographic Zones of India: |
| Remainder of title | Desert/ |
| Statement of responsibility, etc | By Kailash Chandra...[et.al] |
| 260 ## - PUBLICATION, DISTRIBUTION, ETC. (IMPRINT) | |
| Place of publication, distribution, etc | Kolkata |
| Name of publisher, distributor, etc | Zoological Survey of India |
| Date of publication, distribution, etc | 2021 |
| 270 ## - ADDRESS | |
| Address | Prani Vigyan Bhawan, M-Block, New Alipore |
| City | Kolkata |
| Postal code | 700053 |
| 300 ## - PHYSICAL DESCRIPTION | |
| Extent | 160.Pages |
| Dimensions | 30cm,(hb) |
| 700 ## - ADDED ENTRY--PERSONAL NAME | |
| Personal name | Devanshu Gupta |
| 9 (RLIN) | 62809 |
| Relator term | Author |
| 700 ## - ADDED ENTRY--PERSONAL NAME | |
| Personal name | C.Raghunathan |
| 9 (RLIN) | 62810 |
| Relator term | Author |
| 700 ## - ADDED ENTRY--PERSONAL NAME | |
| Personal name | Sanjeev Kumar |
| 9 (RLIN) | 62811 |
| Relator term | Author |
| 700 ## - ADDED ENTRY--PERSONAL NAME | |
| Personal name | Jagdish Saini |
| 9 (RLIN) | 62818 |
| 942 ## - ADDED ENTRY ELEMENTS (KOHA) | |
| Source of classification or shelving scheme | Dewey Decimal Classification |
| Koha item type | English Books |
| Classification part | 577.68095492 |
| Call number suffix | CHA |
| Withdrawn status | Lost status | Source of classification or shelving scheme | Damaged status | Not for loan | Collection code | Home library | Current library | Shelving location | Date acquired | Source of acquisition | Cost, normal purchase price | Total Checkouts | Full call number | Barcode | Date last seen | Copy number | Cost, replacement price | Price effective from | Koha item type |
|---|---|---|---|---|---|---|---|---|---|---|---|---|---|---|---|---|---|---|---|
| Dewey Decimal Classification | Not For Loan | Reference | Ashok Vihar | Ashok Vihar | Reference | 05/03/2024 | DBAD | 1541.00 | 577.68095492 CHA | EN-123073 | 05/03/2024 | 1 | 1541.00 | 05/03/2024 | English Books | ||||
| Dewey Decimal Classification | Not For Loan | Reference | Central Library | Central Library | 29/05/2024 | DBAD | 1541.00 | 577.68095492 CHA | EN-124065 | 29/05/2024 | 1 | 1541.00 | 29/05/2024 | English Books | |||||
| Dewey Decimal Classification | Not For Loan | Reference | Patel Nagar | Patel Nagar | 29/05/2024 | DBAD | 1541.00 | 577.68095492 CHA | EN-124066 | 29/05/2024 | 1 | 1541.00 | 29/05/2024 | English Books |
